Joueurs de foot passés par ... #2 - Sélection de tuiles - Statistiques

Statistiques générales
  • Ce quiz a été pris 1 306 fois
  • Le résultat moyen est 64 sur 84
Statistiques - réponses
Question Tuile Select % Correct
Juventus Ronaldinho Non
98%
Juventus Thiago Silva Non
98%
Juventus Alphonse Areola Non
97%
Juventus Andrea Pirlo Oui
96%
Chelsea FC Andrea Pirlo Non
94%
Borussia Dortmund Alexandre Pato Non
92%
Olympique de Marseille Arjen Robben Non
92%
Borussia Dortmund Benjamin Pavard Non
92%
Borussia Dortmund Christopher Nkunku Non
92%
Chelsea FC Pedro Miguel Pauleta Non
92%
Atletico Madrid Dimitri Payet Non
91%
Juventus Juan Román Riquelme Non
91%
Borussia Dortmund Pierre-Emerick Aubameyang Oui
91%
Olympique de Marseille Riyad Mahrez Non
91%
Olympique de Marseille Samuel Eto'o Non
91%
Arsenal Zlatan Ibrahimović Non
91%
Juventus Michel Platini Oui
90%
Borussia Dortmund Robert Lewandowski Oui
90%
Atletico Madrid Andriy Chevtchenko Non
89%
Borussia Dortmund Renato Sanches Non
89%
Chelsea FC Thiago Silva Oui
89%
Atletico Madrid Alexandre Pato Non
88%
Chelsea FC Fernando Hierro Non
88%
Arsenal Leroy Sané Non
88%
Arsenal Deco Non
87%
Olympique de Marseille Benjamin André Non
86%
Arsenal David Silva Non
86%
Borussia Dortmund Thorgan Hazard Oui
86%
Olympique de Marseille Zinédine Zidane Non
86%
Borussia Dortmund Achraf Hakimi Oui
85%
FC Porto Ángel Di María Non
85%
Chelsea FC Bacary Sagna Non
85%
Atletico Madrid Diego Forlán Oui
85%
Borussia Dortmund İlkay Gündoğan Oui
85%
Atletico Madrid Kevin-Prince Boateng Non
85%
Olympique de Marseille Téji Savanier Non
85%
Olympique de Marseille Mario Balotelli Oui
84%
Juventus Patrick Kluivert Non
84%
Chelsea FC Fernando Torres Oui
83%
Olympique de Marseille Lassana Diarra Oui
83%
Chelsea FC Patrick Vieira Non
83%
Arsenal Robin van Persie Oui
83%
Borussia Dortmund Klaas-Jan Huntelaar Non
82%
Olympique de Marseille Patrice Évra Oui
82%
Arsenal Robert Pirès Oui
82%
Juventus Angel Di Maria Oui
80%
Chelsea FC Kevin De Bruyne Oui
80%
Juventus Carlos Tévez Oui
79%
Atletico Madrid Djibril Sidibé Non
79%
Arsenal Petr Čech Oui
79%
FC Porto Rafael Leão Non
79%
Borussia Dortmund Salomon Kalou Non
78%
Juventus Jean-Pierre Papin Non
77%
FC Porto Angeliño Non
75%
Arsenal David Luiz Oui
74%
FC Porto Deco Oui
74%
Atletico Madrid Kieran Trippier Oui
74%
Atletico Madrid Sergio Agüero Oui
74%
Chelsea FC Arjen Robben Oui
73%
Chelsea FC Samuel Eto'o Oui
73%
Arsenal Wojciech Szczesny Oui
73%
Chelsea FC Andriy Chevtchenko Oui
72%
FC Porto Anthony Lopes Non
72%
Atletico Madrid Kevin Gameiro Oui
72%
Arsenal Nicolas Anelka Oui
72%
Olympique de Marseille César Azpilicueta Oui
70%
Atletico Madrid David Villa Oui
69%
FC Porto Éder Militão Oui
69%
Juventus Fabio Cannavaro Oui
68%
FC Porto James Rodriguez Oui
64%
Olympique de Marseille Robert Pirès Oui
62%
FC Porto Yacine Brahimi Oui
61%
Olympique de Marseille Abou Diaby Oui
59%
FC Porto Nenê Non
58%
Atletico Madrid Théo Hernandez Oui
57%
FC Porto Alex Sandro Oui
52%
Arsenal Gervinho Oui
49%
Juventus Antonio Di Natale Non
47%
FC Porto Diogo Jota Oui
45%
FC Porto Lisandro Lopez Oui
44%
Arsenal Lassana Diarra Oui
25%
Borussia Dortmund Kevin-Prince Boateng Oui
23%
Chelsea FC Thorgan Hazard Oui
22%
Atletico Madrid Thiago Motta Oui
20%
Aucun quiz correspondant
Distribution des résultats
% des personnes avec chaque résultat
Percentile par nombre de réponses
Votre historique - résultats
Vous n’avez pas pris ce quiz